000 00515nam a2200181Ia 4500
005 20260429112055.0
008 260429s9999||||xx |||||||||||||| ||und||
020 _a9788126911851
041 _aEnglish
082 _a515.9
_bIBR
100 _aIbrahim Mir, Mohammad
245 0 _aComplex analysis :
_ban introduction /
_cMohammad Ibrahim Mir
250 _a1st ed.
260 _aNew Delhi :
_bAtlantic Publishers and Distributors,
_c2025.
300 _av, 193 p.; hb
650 _aComplex analysis
942 _cTB
999 _c52215
_d52215